000 00413 a2200133 4500
001 ART_62959
005 20260410161802.0
008 260409a
245 1 0 _aLas reglas del futbol aplicada a la interpretación tributaria
100 1 _aGotlib, Gabriel
700 1 _aVaquero, Fernando M.
700 1 _aMazzilli, Santiago T.
773 0 _tDoctrina tributaria
_g- Nº 545 (ago. 2025)
_wREV4296
999 _c20710
_d20710